000 00936nam a2200265 a 4500
005 20240210063614.0
008 051003m19962002es 000 0 spa d
020 _a8434414147
035 _aUPN01000142677
040 _aUPN
_bspa
_cUPN
049 _aCG
050 4 _aHM706
_bR4.5
100 1 _aRitzer, George,
_d1940-
_932650
245 1 3 _aLa Mcdonalización de la sociedad :
_bun análisis de la racionalización en la vida cotidiana /
_cGeorge Ritzer ; tr. Ignacio Hierro.
260 _aBarcelona, Esp. :
_bAriel,
_c1996 (2002 impr.).
300 _a251 p.
440 0 _aAriel sociedad económica
534 _pTraducción de:
_tThe McDonaldization of society
650 2 _aEstructura social
_912059
650 4 _aAdministración
_xAspectos sociales
_9417
650 4 _aRESTAURANTES DE COMIDA RAPIDA -
_xASPECTOS SOCIALES -
_zESTADOS UNIDOS
_95554
700 1 _aHierro, Ignacio
_944056
905 _aLibro
942 _2lcc
_cLIBRO
999 _c114824
_d114824